Kanye West - Street Lights - Lyrics - Statistics

General Stats
  • This quiz has been taken 52 times
    11 since last reset
  • The average score is 82 of 118
Answer Stats
Hint Answer % Correct
I
88%
in
88%
In
88%
lights,
88%
like,
88%
like
88%
me
88%
me,
88%
street
88%
cab
75%
glowing
75%
glowing,
75%
I'm
75%
know,
75%
know
75%
see
75%
the
75%
to
75%
and
63%
be
63%
destination,
63%
Do
63%
fair
63%
front
63%
got
63%
grow?
63%
happen
63%
hopped
63%
just
63%
Verse Let
63%
let
63%
Lifes
63%
moments
63%
my
63%
not
63%
of
63%
paid
63%
passing
63%
Chorus 2x Seems
63%
So
63%
so
63%
still
63%
streets,
63%
there
63%
there,
63%
time
63%
ain't
50%
always
50%
but
50%
set
50%
stone
50%
Things
50%
That
38%
All
25%
known
25%
No matching quizzes found
Score Distribution
Percent of People with Each Score
Percentile by Number Answered
Your Score History
You have not taken this quiz since the last reset